| 000 | 00870nam a2200265Ia 4500 | ||
|---|---|---|---|
| 003 | OSt | ||
| 005 | 20250801114907.0 | ||
| 008 | 191128s9999 xx 000 0 und d | ||
| 020 | _a9789584636942 | ||
| 040 |
_aCO-JMCR _cCO-JMCR |
||
| 041 | _aspa | ||
| 082 |
_aA-C _bROAc |
||
| 100 |
_aRoa, Luisa, autora _94877 |
||
| 245 | 0 | _aCosas viejas, cosas nuevas / | |
| 245 | 0 | _cLuisa Roa | |
| 260 | _aBogotá | ||
| 260 | _bToquica | ||
| 260 | _c2013 | ||
| 300 | _a40 páginas | ||
| 300 | _b Ilustraciones en balnco y negro | ||
| 300 | _c 17 cm. | ||
| 520 | _aLa realilzación de esta serie de publicaciones fue gracias al premio "Beca de publicación periódica sobre artes plásticas y visuales" de la Gerencia de artes plásticas y visuales de IDARTES. Portafolio distrital de estímulos 2012. | ||
| 650 |
_aCuentos de vida cotidiana _94878 |
||
| 942 |
_2ddc _cBK |
||
| 999 |
_c3327 _d3327 |
||